000 00340nam a2200145Ia 4500
003 OSt
005 20240320110749.0
008 170524s9999 xx 000 0 und d
020 _a9780195648195
040 _ciimtu
100 _aEd. VERMA- S.K
245 0 _aOxford English Hindi Dctionary
260 _bNew Delhi: Oxford
942 _2ddc
_c02
999 _c8570
_d8570